Doing business in the Philippines.
| Format: | Book |
|---|---|
| Published: |
Metro Manila:
Philippine Chamber of Commerce & Industry,
1993.
|
| Subjects: |
| LEADER | 00449cam a2200157 7i4500 | ||
|---|---|---|---|
| 001 | 0000003186 | ||
| 005 | 20041206090000.0 | ||
| 002 | ##000004527 | ||
| 020 | 0 | 0 | |a T000004161 |
| 090 | 0 | 0 | |a PHIL 338.7 |b DOI |
| 245 | 0 | 0 | |a Doing business in the Philippines. |
| 260 | 0 | 0 | |a Metro Manila: |b Philippine Chamber of Commerce & Industry, |c 1993. |
| 300 | # | # | |a 15 p.. |
| 650 | 0 | 0 | |a Business |
| 651 | 0 | 0 | |a Philippines |
| 999 | |a 0000005308 |b Book |c Open shelf |e Business Information Centre | ||